| 000 | 004960000a22001570004500 | ||
|---|---|---|---|
| 003 | MACL | ||
| 005 | 20180313125602.0 | ||
| 008 | 180313b xxu||||| |||| 00| 0 eng d | ||
| 040 | _cMACL | ||
| 100 |
_aद्ववारिका दास शास्त्री _971273 |
||
| 245 | _aअपोहवाद | ||
| 260 |
_bस्वामी द्वारिकादास शस्त्री _c1992 |
||
| 350 | _a100 | ||
| 650 |
_aभाषा _971274 |
||
| 942 |
_cHIN _k400 _2ddc |
||
| 999 |
_c21012 _d21012 |
||